Statistics for Team's all time interception leader

Click here to take the quiz!

General Stats

  • This quiz has been taken 23 times
  • The average score is 6 of 36

Answer Stats

TeamInt #Answer% Correct
Ravens61Ed Reed
79%
Steelers57Mel Blount
47%
49ers51Ronnie Lott
47%
Commanders54Darrell Green
42%
Vikings53Paul Krause
42%
Buccaneers47Ronde Barber
37%
Seahawks50Dave Brown
32%
Eagles34Eric Allen
32%
Patriots36Ty Law
32%
Raiders39Willie Brown
32%
Eagles34Brian Dawkins
26%
Cardinals52Larry Wilson
21%
Raiders39Lester Hayes
21%
Chiefs58Emmitt Thomas
16%
Lions62Dick LeBeau
11%
Giants74Emlen Tunnell
11%
Dolphins35Jake Scott
11%
Texans17Johnathan Joseph
11%
Bengals65Ken Riley
11%
Cowboys52Mel Renfro
11%
Patriots36Raymond Clayborn
5%
Jets34Bill Baird
0%
Eagles34Bill Bradley
0%
Colts57Bob Boyd
0%
Packers52Bobby Dillon
0%
Bills40Butch Byrd
0%
Panthers27Chris Gamble
0%
Saints37Dave Waymer
0%
Rams46Ed Meador
0%
Bears38Gary Fencik
0%
Chargers42Gill Byrd
0%
Titans45Jim Norton
0%
Jaguars30Rashean Mathis
0%
Falcons39Rolland Lawrence
0%
Broncos44Steve Foley
0%
Browns45Tom Darden
0%

Score Distribution

Percentile by Number Answered

Percent of People with Each Score

Your Score History

You have not taken this quiz